| 000 | 00439nam a2200181Ia 4500 | ||
|---|---|---|---|
| 001 | 15914 | ||
| 005 | 20260306170231.0 | ||
| 008 | 260306t2007||||xx |||||||||||||| ||und|| | ||
| 041 | _aESP | ||
| 082 |
_a620.5 _bP77 |
||
| 100 |
_aPoole, Charles P. _eAUT |
||
| 245 | 0 | _aIntroducción a la nanotecnología | |
| 260 | _c2007 | ||
| 300 |
_axiv, 417 páginas : _cil., gráf. |
||
| 650 | _aGEN | ||
| 654 | _aCII | ||
| 942 |
_cLIB _dJUS _fJUS _2ddc _n |
||
| 999 |
_c15914 _d15914 |
||